Aktuálne trendy hypotekárneho bankovníctva bakalárska práca

Salvato in:
Dettagli Bibliografici
Autore principale: Fornerová, Miroslava
Ente Autore: Národohospodárska fakulta EU. Katedra bankovníctva a medzinárodných financií
Altri autori: Dorocáková, Michaela
Natura: Libro
Lingua:slovacco
Pubblicazione: Bratislava 2018
Tags: Aggiungi Tag
Nessun Tag, puoi essere il primo ad aggiungerne!!

MARC

LEADER 00000nbm a2200000 4500
001 0245865
005 20181213110405.7
041 0 |a slo 
044 |a SK 
245 1 0 |a Aktuálne trendy hypotekárneho bankovníctva  |b bakalárska práca  |c Miroslava Fornerová ; školiteľ: Michaela Dorocáková 
264 1 |a Bratislava  |c 2018 
300 |a 55 s. 
100 1 |a Fornerová, Miroslava 
700 1 |a Dorocáková, Michaela 
710 2 |a Národohospodárska fakulta EU. Katedra bankovníctva a medzinárodných financií